Pháp luật về hợp đồng theo mẫu áp dụng trong lĩnh vực cho vay tiêu dùng tại các ngân hàng thương mại : Luận văn Thạc sĩ Luật học. Chuyên ngành Luật kinh tế

Nghiên cứu các vấn đề lý luận và thực tiễn áp dụng pháp luật về hợp đồng theo mẫu áp dụng trong lĩnh vực cho vay tiêu dùng tại các ngân hàng thương mại. Phân tích sự cần thiết phải bảo vệ quyền lợi người tiêu dùng khi tham gia giao kế...

全面介绍

Đã lưu trong:
书目详细资料
主要作者: Diệp, Mỹ Nhân
格式: 图书
语言:Undetermined
出版: Cần Thơ Trường Đại học Cần Thơ 2018
主题:
标签: 添加标签
没有标签, 成为第一个标记此记录!
Thư viện lưu trữ: Trung tâm Học liệu Trường Đại học Cần Thơ
LEADER 01776nam a2200229Ia 4500
001 CTU_228901
008 210402s9999 xx 000 0 und d
082 |a 332.1753 
082 |b Nh121 
088 |a 60380107 
100 |a Diệp, Mỹ Nhân 
245 0 |a Pháp luật về hợp đồng theo mẫu áp dụng trong lĩnh vực cho vay tiêu dùng tại các ngân hàng thương mại : 
245 0 |b Luận văn Thạc sĩ Luật học. Chuyên ngành Luật kinh tế 
245 0 |c Diệp Mỹ Nhân ; Lê Vũ Nam (Cán bộ hướng dẫn) 
260 |a Cần Thơ 
260 |b Trường Đại học Cần Thơ 
260 |c 2018 
520 |a Nghiên cứu các vấn đề lý luận và thực tiễn áp dụng pháp luật về hợp đồng theo mẫu áp dụng trong lĩnh vực cho vay tiêu dùng tại các ngân hàng thương mại. Phân tích sự cần thiết phải bảo vệ quyền lợi người tiêu dùng khi tham gia giao kết hợp đồng theo mẫu. Trên cơ sở đó, đề xuất một số giải pháp để bảo vệ quyền lợi người tiêu dùng cũng như hoàn thiện hệ thống pháp luật về hợp đồng theo mẫu áp dụng trong lĩnh vực cho vay tiêu dùng tại các ngân hàng thương mại nhằm nâng cao hiệu quả hoạt động của các ngân hàng thương mại trong lĩnh vực này. 
650 |a Banks and banking,Ngân hàng và nghiệp vụ ngân hàng 
650 |z Vietnam,Việt Nam 
910 |b nthai 
980 |a Trung tâm Học liệu Trường Đại học Cần Thơ